000 00656cam a2200193 4500
001 D7392
008 090401t1950 xxu||||| |||| 00| 0 eng d
035 _a(Sirsi) u7042
041 _aeng
050 _a692.9
110 _aNational Federation of Building Trades Employers
_91526
245 _aSub-contract...issued under the sanction of and approved by the National Federation of Building Trades Employers and the Federation of Associations of Specialists and Sub-contractors
260 _aLondon
_bNational Federation of Building Trades E
_c1950
300 _a13p. 33cm
350 _a0
520 _aCover title
942 _n0
948 _c04/03/1997
999 _c86384
_d86384